i love you, i'm sorry by gracie abrams lyrics - Statistics

General Stats
  • This quiz has been taken 2,338 times
  • The average score is 258 of 316
Answer Stats
Answer % Correct
I
100%
(I
100%
a
99%
A
99%
(A
99%
you
99%
you,
99%
You
99%
(You
99%
the
98%
The
98%
I'm
97%
(I'm
97%
it,
97%
it
97%
love
97%
be
96%
sorry
96%
but
94%
to
94%
go
92%
we're
92%
were
92%
what
90%
best
89%
worst
89%
worst)
89%
loved
88%
me,
88%
me
88%
that
88%
way
88%
As
87%
as
87%
(As
87%
first
87%
first)
87%
goes
87%
is
87%
is)
87%
life
87%
sick
87%
Two
86%
ago
85%
like
85%
sounds,
85%
was
85%
on
84%
And
83%
and
83%
dick,
83%
your
83%
in
82%
just
82%
Augusts
81%
Now
80%
now
80%
That's
80%
that's
80%
didn't
79%
home
78%
it's
78%
told
78%
You're
78%
you're
78%
curse
77%
curse)
77%
truth,
77%
went
77%
by
76%
going
76%
I'll
76%
laugh
76%
somewhere,
76%
summers
76%
doors
75%
from
75%
sad
75%
sad)
75%
about
74%
again,
74%
again
74%
again)
74%
know
74%
my
74%
not
74%
slam
74%
actually
73%
all
73%
closed
73%
have
73%
plane
73%
whenever
73%
wrong
73%
at
72%
boat,
72%
oh,
72%
tend
71%
stare
70%
well
70%
We'll
70%
lake
69%
never
69%
sun
69%
always
68%
kick,
68%
set
68%
watch
68%
works
68%
works)
68%
age-old
67%
don't
67%
don't,
67%
drink
67%
ends
67%
gate
67%
make
67%
shit
67%
Trust
66%
alone
65%
Benz,
65%
okay,
65%
window
65%
cool
64%
Making
64%
people
64%
shows
64%
this
64%
crash,
63%
feel
63%
getting
63%
lean
63%
out
63%
real,
63%
mean
62%
might
62%
often,
62%
talking,
62%
kill
61%
luck,
61%
paid
61%
push
61%
been
60%
'Cause
60%
haunts
60%
prove
60%
someone
60%
amends,
59%
Charm
59%
for,
59%
habit
59%
low
57%
same
56%
send
56%
aim
55%
down
55%
known
55%
Lay
53%
train
52%
horn
51%
Thankful
49%
Wistfully
49%
our
48%
road
47%
Joyriding
46%
speak
43%
code
41%
Hope
38%
won't
37%
mm
36%
wanna
32%
No matching quizzes found
Score Distribution
Percent of People with Each Score
Percentile by Number Answered
Your Score History
You have not taken this quiz